000 00658nam a2200229 i 4500
001 C2-0241903
003 PPAK
005 20180727204111.0
008 020820s1979 ctua|||| ||||| | eng d
020 _a0883013541
040 _aPPAK
_beng
_cPPAK
_erda
082 0 4 _a973.7092
_223
090 0 0 _a973.7092
_bABR
_dKSI
245 0 0 _aAbraham Lincoln, Franklin D. Roosevelt
264 1 _aConnecticut :
_bPendulum Press. Inc. ,
_c1979
300 _a63 pages :
_billustrations ;
_c20 cm
336 _2rdacontent
_atext
337 _2rdamedia
_aunmediated
338 _2rdacarrier
_avolume
650 1 0 _aPresidents - United States - Biography.
942 _ddc
_cB
999 _c56793
_d56793